LEADER 00795nam0-22002891i-450- 001 990006484890403321 005 20001010 035 $a000648489 035 $aFED01000648489 035 $a(Aleph)000648489FED01 035 $a000648489 100 $a20001010d--------km-y0itay50------ba 101 0 $aita 105 $ay-------001yy 200 1 $a<>Maroc chez les auteurs anglais du XVI au XIX siecle$fRoland Lebel 210 $aParis$cLarose$d1939. 215 $a163 p.$d22 cm 676 $a964 700 1$aLebel,$bRoland$0243882 801 0$aIT$bUNINA$gRICA$2UNIMARC 901 $aBK 912 $a990006484890403321 952 $aXIV E 1383$b14576$fFSPBC 959 $aFSPBC 996 $aMaroc chez les auteurs anglais du XVI au XIX siecle$9653449 997 $aUNINA DB $aGEN01 LEADER 01037nam0-22002651i-450- 001 990006280980403321 005 19980601 035 $a000628098 035 $aFED01000628098 035 $a(Aleph)000628098FED01 035 $a000628098 100 $a19980601d1966----km-y0itay50------ba 105 $a--------00-yy 200 1 $aCOMITATO tecnico di studio per l'accertamento degli oneri che potranno derivare alla finanza pubblica dalla istituzione e dal funzionamento delle regioni a statuto ordinario$f(a curadella Presidenza del Consiglio dei Ministri). 210 $aRoma$cIstituto Poligrafico dello Stato$d1966 215 $a197 p.$d24 cm 676 $a336.014 801 0$aIT$bUNINA$gRICA$2UNIMARC 901 $aBK 912 $a990006280980403321 952 $aXIV P 14$b80407$fFGBC 959 $aFGBC 996 $aCOMITATO tecnico di studio per l'accertamento degli oneri che potranno derivare alla finanza pubblica dalla istituzione e dal funzionamento delle regioni a statuto ordinario$9639638 997 $aUNINA DB $aGIU01 LEADER 01369nam2-2200409li-450 001 990000215180203316 005 20180312154624.0 010 $a3-540-61181-9 035 $a0021518 035 $aUSA010021518 035 $a(ALEPH)000021518USA01 035 $a0021518 100 $a20001109d1996----km-y0itay0103----ba 101 0 $aeng 102 $aGW 200 1 $aTopics in cohomology of groups$fSerge Lang 210 $aBerlin [etc.]$cSpringer-Verlag$dcopyr. 1996 215 $aVI, 226 p.$cill.$d23 cm 225 2 $aLecture notes in mathematics$v1625 410 0$10010021263$12001$aLecture notes in mathematics$ea collection of informal reports and seminars$fedited by A. Dold, Heidelberg and B. Eckmann, Zürich 610 1 $acoomologia 610 1 $agruppi 610 1 $anumeri$ateoria algebrica 676 $a51274$9Teoria dei numeri (Algebrica) 700 1$aLang,$bSerge$01160 801 $aSistema bibliotecario di Ateneo dell' Università di Salerno$gRICA 912 $a990000215180203316 951 $a510 LNM (1625)$b0019251 CBS$c510$d00110559 959 $aBK 969 $aSCI 979 $c19970121 979 $c20001110$lUSA01$h1714 979 $aALANDI$b90$c20011204$lUSA01$h1145 979 $c20020403$lUSA01$h1629 979 $aPATRY$b90$c20040406$lUSA01$h1615 996 $aTopics in cohomology of groups$978134 997 $aUNISA